Nuits d'arabie - Aladdin [Paroles entières] - Statistiques

Statistiques générales
  • Ce quiz a été pris 635 fois
  • Le résultat moyen est 69 sur 97
Statistiques - réponses
X Paroles % Correct
d'arabie
93%
d'arabie
93%
nuits
92%
nuits
92%
nuits
92%
Strophe Ô
92%
Strophe Ô
92%
à
91%
à
91%
de
91%
de
91%
de
91%
le
91%
Le
91%
le
91%
et
90%
Et
90%
et
90%
Des
87%
du
87%
les
87%
Les
87%
les
87%
la
85%
une
84%
je
83%
se
82%
Au
81%
en
81%
en
81%
Mille
79%
Strophe Moi
79%
moi
79%
folies
78%
d'un
77%
pays
77%
soleil
77%
soleil
77%
C'est
76%
C'est
76%
C'est
76%
désert
76%
76%
76%
jour
74%
viens
74%
ça
73%
est
73%
est
73%
d'or
72%
plein
71%
dans
70%
d'Orient
68%
minuit
68%
mais
67%
Strophe Quand
67%
qui
66%
vent
66%
Aux
65%
l'est
65%
l'ouest
65%
magie
65%
sables
65%
Plus
64%
tapis
64%
vient
64%
volant
64%
chez
63%
d'amour
63%
caravanes
62%
coeur
60%
envoûtant
60%
velours
59%
l'instant
58%
chaudes
56%
parfums
56%
Qu'au
56%
Vers
55%
serpents
54%
53%
infinis
53%
Insomnies
53%
Pour
53%
bizarre
52%
Vole
52%
déserts
51%
l'amour
51%
s'endort
51%
rêvent
50%
t'ensorcellent
50%
perd
48%
ton
47%
sommeil
45%
Fatal
44%
fou
43%
flânent
42%
pendant
38%
Aucun quiz correspondant
Distribution des résultats
% des personnes avec chaque résultat
Percentile par nombre de réponses
Votre historique - résultats
Vous n’avez pas pris ce quiz